Discografia de RBD - Statistics

Estatísticas Gerais
  • Esse quiz foi jogado 320 vezes
  • A pontuação média é 36 de 75
Estatísticas das Respostas
Número Música % Correto
1 Rebelde
99%
1 Nuestro Amor
95%
4 Celestial
89%
11 Sálvame
89%
2 Solo Quédate en Silencio
89%
10 Fuego
85%
5 Enséñame
84%
1 Empezar Desde Cero
80%
9 Santa No Soy
80%
2 Ser O Parecer
77%
4 Este Corazón
75%
6 Futuro Ex-Novio
74%
11 Tras de Mí
73%
5 Así Soy Yo
72%
3 Para Olvidarte de Mí
72%
3 Otro Día Que Va
70%
6 Aún Hay Algo
68%
8 Fuera
68%
7 Tenerte y Quererte
67%
8 Cuando el Amor Se Acaba
66%
4 Un Poco de Tu Amor
66%
3 Feliz Cumpleaños
65%
2 Me Voy
65%
6 Bésame Sin Miedo
64%
10 Qué Hay Detrás
63%
13 Una Canción
62%
12 Money, Money
59%
7 A Tu Lado
58%
13 Adiós
57%
3 Dame
56%
6 Cariño Mio
54%
3 Inalcanzable
54%
1 Tu Amor
54%
12 Sólo Para Ti
53%
8 Algún Día
52%
9 Qué Fue del Amor
50%
8 Fui La Niña
49%
14 Liso, Sensual
49%
1 Tal Vez Después
46%
2 Wanna Play
44%
2 Y No Puedo Olvidarte
44%
10 Aburrida y Sola
42%
13 Extraña Sensación
38%
5 I Wanna Be The Rain
38%
5 Quizá
37%
4 No Digas Nada
35%
5 El Mundo Detrás
34%
7 Era La Música
34%
6 Hoy Que Te Vas
34%
11 Save Me
31%
12 Quisiera Ser
30%
12 Si No Estás Aquí
30%
11 Sueles Volver
30%
7 Tu Dulce Voz
30%
12 Puedes Ver Pero no Tocar
29%
9 A La Orilla
28%
4 Connected
28%
1 Camino al Sol
27%
6 Más Tuya que Mía
27%
11 Es Por Amor
26%
10 Amor Fugaz
25%
7 Hace un Instante
25%
9 Me Cansé
25%
3 My Philosophy
22%
9 Olvidar
22%
8 Desapareció
21%
2 Mírame
21%
7 Llueve En Mi Corazón
20%
10 This Is Love
20%
9 Happy Worst Day
18%
5 Esté Donde Esté
16%
8 Keep It Down Low
16%
11 Lágrimas Perdidas
13%
10 Yo Vivo por Ti
11%
4 ¿Quién te Crees?
8%
Nenhum quiz correspondente encontrado
Distribuição das Pontuações
Porcentagem de Pessoas com Cada Pontuação
Percentil de Números Respondidos
Sua Pontuação Histórica
Você não jogou esse quiz